100 questions & answers about melanoma and other skin cancers (Record no. 7591)
[ view plain ]
| 000 -LEADER | |
|---|---|
| fixed length control field | 00740nam a22002057a 4500 |
| 003 - CONTROL NUMBER IDENTIFIER | |
| control field | OSt |
| 005 - DATE AND TIME OF LATEST TRANSACTION | |
| control field | 20260305072814.0 |
| 008 - FIXED-LENGTH DATA ELEMENTS--GENERAL INFORMATION | |
| fixed length control field | 260120b |||||||| |||| 00| 0 eng d |
| 020 ## - INTERNATIONAL STANDARD BOOK NUMBER | |
| International Standard Book Number | 0763720364 |
| 040 ## - CATALOGING SOURCE | |
| Original cataloging agency | DWCL-Main Lib |
| Transcribing agency | OC |
| 082 ## - DEWEY DECIMAL CLASSIFICATION NUMBER | |
| Classification number | Circ. 616.99477 M113 2004 |
| 100 ## - MAIN ENTRY--PERSONAL NAME | |
| Personal name | McClay, Edward F. , McClay, Mary-Eileen T. , Smith, Jodie |
| 245 ## - TITLE STATEMENT | |
| Title | 100 questions & answers about melanoma and other skin cancers |
| 260 ## - PUBLICATION, DISTRIBUTION, ETC. | |
| Place of publication, distribution, etc. | Sudbury Massachusetts: |
| Name of publisher, distributor, etc. | Jones and Bartlett Publishers, |
| Date of publication, distribution, etc. | c2004. |
| 300 ## - PHYSICAL DESCRIPTION | |
| Extent | ix, 153 pages : |
| Other physical details | illustrations ; |
| Dimensions | 22 cm. |
| 504 ## - BIBLIOGRAPHY, ETC. NOTE | |
| Bibliography, etc. note | Includes index, appendix, and glossary. |
| 650 ## - SUBJECT ADDED ENTRY--TOPICAL TERM | |
| Source of heading or term | 1. Skin - Cancer - Popular works. |
| 650 ## - SUBJECT ADDED ENTRY--TOPICAL TERM | |
| Topical term or geographic name entry element | 2. Melanoma - Popular works. |
| 942 ## - ADDED ENTRY ELEMENTS (KOHA) | |
| Source of classification or shelving scheme | Dewey Decimal Classification |
| Koha item type | Book Circulation |
| Suppress in OPAC | No |
| Call number suffix | Circ. |
| 952 ## - LOCATION AND ITEM INFORMATION (KOHA) | |
| -- | |
| Withdrawn status | Lost status | Source of classification or shelving scheme | Damaged status | Not for loan | Home library | Current library | Shelving location | Date acquired | Source of acquisition | Total Checkouts | Full call number | Barcode | Date last seen | Copy number | Price effective from | Koha item type | Uniform Resource Identifier |
|---|---|---|---|---|---|---|---|---|---|---|---|---|---|---|---|---|---|
| Dewey Decimal Classification | Junior High School Library | Junior High School Library | Circulation | 08/01/2011 | Donation | Res. 616.99477 M113 | JHS - 15990 | 01/20/2026 | c1 | 01/20/2026 | BK-CIRC |